[Event "Telford 4NCL U1825 op"]
[Site "Telford"]
[Date "2018.11.04"]
[Round "9"]
[White "Mellor, Peter"]
[Black "Hirst, Joe"]
[Result "0-1"]
[WhiteElo "1427"]
[BlackElo "1425"]
[PlyCount "60"]
[EventDate "2018.10.31"]
[EventType "swiss"]
[EventRounds "9"]
[EventCountry "ENG"]
[SourceTitle "EXT 2021"]
[Source "ChessBase"]
[SourceDate "2020.10.23"]
[SourceVersion "1"]
[SourceVersionDate "2020.10.23"]
[SourceQuality "1"]

1. b4 d5 2. Bb2 Bf5 3. e3 e6 4. Nf3 Nf6 5. a3 Bd6 6. c4 c6 7. Nc3 Nbd7 8. c5 Bc7 9. Na4 0-0 10. Be2 Qb8 11. g3 Ne5 12. Nd4 Nd3+ 13. Bxd3 Bxd3 14. Nf3 Ng4 15. Rg1 Ne5 16. Nd4 Qd8 17. f4 Nc4 18. Bc3 Re8 19. Qg4 e5 20. fxe5 Bxe5 21. Nb2 Nxb2 22. Bxb2 Qf6 23. Bc3 h5 24. Qh4 g5 25. Qxh5 Bxd4 26. Bxd4 Qxd4 27. Qxg5+ Bg6 28. Rc1 Qb2 29. Rc3 d4 30. Rd3 Qb1+ 0-1